1464 1031 1628 1496 1075 1705 1477 1991 1751 1164 1069 1187 1118 1022 1249 1512 1189 1710 1061 1294 1098 1500 1815 1274 1081 1853 1791 1437 1218 1414 1340 1181 1469 1347 1096 1669 1639 1771 1658 1018 1483 1890 1912 1182 1788 1598 1522 1658 1669 1522 1645 1961 1359 1737 1777 1756 1626 1533 1973 1667 1311 1889 1043 1824 1552 1477 1537 1481 1169 1913 1974 1205 1313 1136 1453 1046 1068 1597 1483 1825 1767 1232 1740 1199 1931 1854 1779 1503 1798 1378 1444 1015 1361 1625 1032 1880 1751 1102 1824 BCNSPRNW ULIB Ver.6.0+V

เปลี่ยนเป็นภาษาไทย

Change to English
 แสดงรายละเอียดบรรณานุกรม
  กลับหน้าหลัก

Brief Record : Get Marc (ISO 2709) : E-mail record : QR code < ปิดหน้าต่าง
LEADER : 00000nam 2200000uu 4500
001    13399120979
003     ULIB
008    121029s2548||||th 000 0 tha d
020    ^a9746459457(ล.1)
050  4 ^aHA29.5.T5^bส719ส ล.1
110 2  ^aมหาวิทยาลัยสุโขทัยธรรมาธิราช.^bสาขาวิชาวิทยาศาสตร์สุขภาพ
245 10 ^a เอกสารการสอนชุดวิชาสถิติและการวิจัยสำหรับวิทยาศาสตร์สุขภาพ หน่วยที่ 1-7=^bStatistics and research in health science / ^cสาขาวิชาวิทยาศาสตร์สุขภาพ มหาวิทยาลัยสุโขทัยธรรมาธิราช
246 30 ^aสถิติและการวิจัยสำหรับวิทยาศาสตร์สุขภาพ
246 31 ^aStatistics and research in health science
250    ^aพิมพ์ครั้งที่ 2
260    ^aนนทบุรี :^bมหาวิทยาลัยสุโขทัยธรรมาธิราช,^c2548
300    ^aเล่ม :^bภาพประกอบ
440  0 ^aมหาวิทยาลัยสุโขทัยธรรมาธิราช ;^vอ.50103
504    ^aบรรณานุกรมท้ายเล่ม
505 0  ^aสารบัญ: ล.1. หน่วยที่ 1-7-- ล.2. หน่วยที่ 8-15
650  4 ^aสถิติศาสตร์
650  4 ^aวิจัย
650  4 ^aวิทยาศาสตร์การแพทย์^xวิจัย
650  4 ^aวิทยาศาสตร์สุขภาพ^xวิจัย
650  4 ^aสถิติและการวิจัยสำหรับวิทยาศาสตร์สุขภาพ
945    ^p0^l0^i24414
995    ^aทศพร
999    ^aทศพร เกษรทอง
รายการนี้ยังไม่มีแท็ก
คุณยังไม่ได้ล็อกอิน คุณสามารถมีกิจกรรมร่วมกับเว็บไซต์ได้ แต่ต้องล็อกอินก่อน ::
  ล็อกอิน

รายการสื่อสารสนเทศ

ลำดับที่ ประเภท เลขเรียก/บาร์โค้ด สถานที่ สถานะ
1. วิทยาศาสตร์การแพทย์ และสุขภาพ
วิทยาศาสตร์การแพทย์ และสุขภาพ
HA29.5.T5 ส719ส ล.1 ฉ.1 
  Barcode: 24414
ห้องสมุดวิทยาเขตสวรรค์ประชารักษ์
►หนังสือทั่วไป
บนชั้น

รายการใกล้เคียง
    หัวเรื่อง [สถิติศาสตร์]
    หัวเรื่อง [วิจัย]
    หัวเรื่อง [สถิติและการวิจัยสำหรับวิทยาศาสตร์สุขภาพ]

BibComment


ยังไม่เคยถูกคอมเมนท์

คอมเมนท์ทรัพยากรรายการนี้
  คอมเมนท์: เอกสารการสอนชุด..


 Copyright 2026. Bcnsprnw @Library